Repudiar ya, sin atenuantes, con firmeza /

Uloženo v:
Podrobná bibliografie
Hlavní autor: Gaitán, Gloria
Médium: Text
Témata:
Tagy: Přidat tag
Žádné tagy, Buďte první, kdo vytvoří štítek k tomuto záznamu!

MARC

LEADER 00000 a a2200000 04500
001 2669
003
040
100 |a Gaitán, Gloria  
245 |a Repudiar ya, sin atenuantes, con firmeza /  |c Gloria Gaitán 
650 |a TERRORISMO  
650 |a POLITICA EXTERIOR  
773 |g volumen 42, número 225; páginas 22-23  
999 |c 39432  |d 39432